000 00793cam a22002773a 4500
001 9398
003 PGUSA
005 20140828083211.0
008 051101s2005||||xxu|||||s|||||000 1 eng d
040 _aPGUSA
_beng
042 _adc
050 4 _aPS
100 1 _aDonnell, Annie Hamilton,
_d1862-
245 1 0 _aGloria and Treeless Street
_h[electronic resource] /
_cAnnie Hamilton Donnell
260 _bProject Gutenberg,
_c2005
506 _aPublic domain in the USA.
516 _aElectronic text
653 _aYoung women -- Fiction
653 _aTenement houses -- Fiction
653 _aRich people -- Fiction
653 _aNurses -- Fiction
653 _aPoor -- Fiction
830 0 _aProject Gutenberg
_v9398
856 4 0 _uhttp://www.gutenberg.org/ebooks/9398
942 _cEB
999 _c238654
_d238654